[Event "TOP 16 - Final A"]
[Site "TOP16-Final-A"]
[Date "2021.01.17"]
[Round "14"]
[White "jncool68"]
[Black "Tigran1984"]
[Result "0-1"]
[WhiteElo "2237"]
[BlackElo "2690"]
[Annotator "NA RC"]
[PlyCount "66"]
[EventDate "2021.01.17"]
[EventType "blitz"]
[TimeControl "420+3"]

1. e4 {[%emt 0:00:02]} g6 {[%emt 0:00:02]} 2. d4 {[%emt 0:00:01]} Bg7 {[%emt 0:00:01]} 3. Nc3 {[%emt 0:00:01]} c6 {[%emt 0:00:01]} 4. Be3 {[%emt 0:00:04]} d5 {[%emt 0:00:01]} 5. f3 {[%emt 0:00:01]} Qb6 {[%emt 0:00:03]} 6. Qd2 {[%emt 0:00:01]} Qxb2 {[%emt 0:00:01]} 7. Rb1 {[%emt 0:00:01]} Qa3 {[%emt 0:00:01]} 8. Nge2 {[%emt 0:00:03]} Nf6 {[%emt 0:00:11]} 9. Rb3 {[%emt 0:00:11]} Qa5 {[%emt 0:00:05]} 10. Nf4 {[%emt 0:00:03]} dxe4 {[%emt 0:00:36]} 11. fxe4 {[%emt 0:00:02]} e5 {[%emt 0:00:06]} 12. dxe5 {[%emt 0:00:06]} Qxe5 {[%emt 0:00:07]} 13. Be2 {[%emt 0:00:15]} O-O {[%emt 0:00:08]} 14. O-O {[%emt 0:00:01]} Nbd7 {[%emt 0:00:31]} 15. Nd3 {[%emt 0:00:03]} Nxe4 {[%emt 0:00:45]} 16. Nxe4 {[%emt 0:00:08]} Qxe4 {[%emt 0:00:01]} 17. Bf3 {[%emt 0:00:01]} Qc4 {[%emt 0:00:37]} 18. Bh6 {[%emt 0:00:19]} Bxh6 {[%emt 0:00:06]} 19. Qxh6 {[%emt 0:00:02]} Qd4+ {[%emt 0:00:01]} 20. Kh1 {[%emt 0:00:01]} Qg7 {[%emt 0:00:01]} 21. Qh4 {[%emt 0:00:02]} Re8 {[%emt 0:01:01]} 22. Rb4 {[%emt 0:00:11]} Ne5 {[%emt 0:00:24]} 23. Nxe5 {[%emt 0:00:24]} Rxe5 {[%emt 0:00:02]} 24. a4 {[%emt 0:00:00]} a5 {[%emt 0:00:21]} 25. Rb3 {[%emt 0:00:14]} Re8 {[%emt 0:00:06]} 26. h3 {[%emt 0:00:05]} Rb8 {[%emt 0:00:16]} 27. Rfb1 {[%emt 0:00:02]} Bf5 {[%emt 0:00:23]} 28. Rxb7 {[%emt 0:00:02]} Rxb7 {[%emt 0:00:03]} 29. Rxb7 {[%emt 0:00:00]} Qa1+ {[%emt 0:00:15]} 30. Kh2 {[%emt 0:00:01]} Qe5+ {[%emt 0:00:02]} 31. Qg3 {[%emt 0:00:00]} Qxg3+ {[%emt 0:00:35]} 32. Kxg3 {[%emt 0:00:00]} Bxc2 {[%emt 0:00:01]} 33. Bxc6 {[%emt 0:00:02]} Be4 {[%emt 0:00:11] jncool68 abandonne (Lag: Av=0.83s, max=4.6s)} 0-1

[Event "TOP 16 - Final A"]
[Site "TOP16-Final-A"]
[Date "2021.01.17"]
[Round "14"]
[White "Pastouche06"]
[Black "Harut-1998"]
[Result "1-0"]
[WhiteElo "2179"]
[BlackElo "2307"]
[Annotator "NA RC"]
[PlyCount "99"]
[EventDate "2021.01.17"]
[EventType "blitz"]
[BlackTeam "Nice Alekhine "]

{- Haroutyun , Barseghyan (2471)} 1. d4 {[%emt 0:00:04]} d5 {[%emt 0:00:27]} 2. c4 {[%emt 0:00:04]} dxc4 {[%emt 0:00:02]} 3. e3 {[%emt 0:00:02]} e5 {[%emt 0:00:02]} 4. Bxc4 {[%emt 0:00:03]} exd4 {[%emt 0:00:02]} 5. exd4 {[%emt 0:00:01]} Nf6 {[%emt 0:00:02]} 6. Nf3 {[%emt 0:00:04]} Bd6 {[%emt 0:00:04]} 7. Qe2+ {[%emt 0:00:03]} Be7 {[%emt 0:00:04]} 8. O-O {[%emt 0:00:12]} O-O {[%emt 0:00:02]} 9. Nc3 {[%emt 0:00:03]} Nc6 {[%emt 0:00:03]} 10. Rd1 {[%emt 0:00:10]} Bg4 {[%emt 0:00:04]} 11. h3 {[%emt 0:00:09]} Bh5 {[%emt 0:00:02]} 12. g4 {[%emt 0:00:13]} Bg6 {[%emt 0:00:02]} 13. a3 {[%emt 0:00:15] Pastouche06 propose la nulle} Re8 {[%emt 0:00:19]} 14. Be3 {[%emt 0:00:20]} Bd6 {[%emt 0:00:11]} 15. Nh4 {[%emt 0:00:40]} Ne4 {[%emt 0:00:20]} 16. Nxg6 {[%emt 0:00:04]} Nxc3 {[%emt 0:00:19]} 17. bxc3 {[%emt 0:00:00]} hxg6 {[%emt 0:00:02]} 18. Qf3 {[%emt 0:00:08]} Qf6 {[%emt 0:00:41]} 19. Kg2 {[%emt 0:00:07]} Qxf3+ {[%emt 0:00:08]} 20. Kxf3 {[%emt 0:00:00]} Na5 {[%emt 0:00:06]} 21. Bf1 {[%emt 0:00:21]} Re6 {[%emt 0:00:35]} 22. a4 {[%emt 0:00:06]} b6 {[%emt 0:00:05]} 23. Rab1 {[%emt 0:00:08]} Rf8 {[%emt 0:00:13]} 24. Kg2 {[%emt 0:00:07]} f5 {[%emt 0:00:04]} 25. Bg5 {[%emt 0:00:27]} fxg4 {[%emt 0:00:28]} 26. hxg4 {[%emt 0:00:02]} Bf4 {[%emt 0:00:02]} 27. Bxf4 {[%emt 0:00:08]} Rxf4 {[%emt 0:00:02]} 28. Kg3 {[%emt 0:01:12]} Ref6 {[%emt 0:00:15]} 29. Bg2 {[%emt 0:00:08]} Rxf2 {[%emt 0:01:12]} 30. g5 {[%emt 0:00:34]} R6f5 {[%emt 0:00:27]} 31. Be4 {[%emt 0:00:13]} R5f4 {[%emt 0:00:03]} 32. Re1 {[%emt 0:00:13]} Kf7 {[%emt 0:00:28]} 33. Re3 {[%emt 0:00:25]} Rf1 {[%emt 0:00:10]} 34. Rbe1 {[%emt 0:00:48]} c6 {[%emt 0:00:12]} 35. Bd3 {[%emt 0:00:28]} R1f2 {[%emt 0:00:29]} 36. Re7+ {[%emt 0:00:06]} Kg8 {[%emt 0:00:04]} 37. Re8+ {[%emt 0:00:03]} Rf8 {[%emt 0:00:04]} 38. Bxg6 {[%emt 0:00:01]} R2f3+ {[%emt 0:00:05]} 39. Kg4 {[%emt 0:00:07]} Nc4 {[%emt 0:00:15] Harut-1998 offers a draw} 40. Rxf8+ {[%emt 0:00:10]} Rxf8 {[%emt 0:00:01]} 41. Bf5 {[%emt 0:00:05]} Nb2 {[%emt 0:00:04]} 42. g6 {[%emt 0:00:04]} Rd8 {[%emt 0:00:05]} 43. Re7 {[%emt 0:00:04]} Nxa4 {[%emt 0:00:04]} 44. Be6+ {[%emt 0:00:04]} Kh8 {[%emt 0:00:28]} 45. Bf7 {[%emt 0:00:05]} Nxc3 {[%emt 0:00:05]} 46. Re1 {[%emt 0:00:10]} Rxd4+ {[%emt 0:00:04]} 47. Kf3 {[%emt 0:00:04]} Rd3+ {[%emt 0:00:04]} 48. Kg4 {[%emt 0:00:12]} Rd4+ {[%emt 0:00:03]} 49. Kf5 {[%emt 0:00:04]} Re4 {[%emt 0:00:08]} 50. Rh1+ {[%emt 0:00:03] TimeB} 1-0

[Event "TOP 16 - Final A"]
[Site "TOP16-Final-A"]
[Date "2021.01.17"]
[Round "14"]
[White "Bagheri amir"]
[Black "ProfTerrieux"]
[Result "0-1"]
[WhiteElo "2154"]
[BlackElo "2289"]
[Annotator "TA"]
[PlyCount "106"]
[EventDate "2021.01.17"]
[EventType "blitz"]
[WhiteTeam "monaco"]

{[%evp 9,106,14,20,24,17,0,0,0,20,-9,5,2,9,5,38,36,36,35,36,30,30,25,25,19,18,20,29,0,0,-8,-16,-32,0,0,0,0,0,0,5,0,0,0,0,0,0,-4,0,-15,-13,-32,-24,-21,0,0,0,-28,0,-12,29,27,52,0,0,-171,-157,-482,-483,-526,-535,-553,-506,-500,-491,-963,-534,-692,-689,-653,-547,-657,-621,-670,-656,-835,-638,-630,-562,-556,-535,-493,-396,-635,0,-779,-46,-286,-296,-29996,-29997]} 1. d4 Nf6 2. Nf3 e6 3. Bf4 d5 4. e3 c5 5. Nbd2 Bd6 6. Bb5+ {D02: 1 d4 d5 2 Nf3 sidelines, including 2...Nf6 3 g3 and 2...Nf6 3 Bf4.} Nc6 7. Bg3 {7.Bxc6+ is the modern continuation.} Bxg3 8. hxg3 {[#] The position is equal.} Qb6 $146 ({Predecessor:} 8... a6 9. Bxc6+ bxc6 10. dxc5 Qa5 11. c3 Qxc5 12. Ne5 Qd6 13. f4 Bd7 14. g4 h6 {1-0 (48) Gerych,J (2052)-Szucs,M (1861) Nachod 2012}) 9. a4 cxd4 10. exd4 Bd7 11. c3 a6 12. Bxc6 Bxc6 13. Qc2 h6 14. Ne5 Nd7 15. Ndf3 Qc7 16. g4 Nxe5 17. Nxe5 O-O-O 18. O-O-O f6 19. Ng6 Rhe8 20. f4 Qd7 21. b3 Kb8 22. Rhe1 Rc8 23. Kb2 Qd6 24. g3 Bd7 25. Re3 b5 26. axb5 axb5 27. b4 Kb7 28. Ra1 Ra8 29. Rxa8 Rxa8 30. Re1 Qa6 {( -> ...Qa3+)} 31. Qb3 Qd6 32. Qc2 Be8 $40 {[%mdl 128] ...Qa6 is the strong threat. Black mounts an attack.} (32... Ra4 $5 {[%cal Ra4b4]} 33. Qd1 Kc7 $15) 33. Ra1 Rc8 34. Ra5 Qc7 {[#]} 35. Qd3 (35. Qb3 $1 $14) 35... Bxg6 $11 36. Rxb5+ $2 {White is on the road to losing.} (36. Qxb5+ $11 {and White has nothing to worry.} Qb6 37. Qd7+ Rc7 38. Qd8) 36... Ka7 $19 37. Qe3 (37. f5 $17 Be8 38. Rc5) 37... Qc4 38. Ra5+ Kb7 39. f5 Bf7 40. fxe6 {[#]} Bxe6 {[%mdl 512]} 41. Ra3 (41. g5 $142 hxg5 42. Rc5 Rxc5 43. bxc5 Qb5+ 44. Kc1) 41... Rc6 42. b5 Rb6 43. Rb3 Qc7 44. Rb4 Qd7 45. Qe2 Bxg4 46. Qg2 Bf5 47. c4 Be4 48. Qe2 {intending c5.} Re6 {Hoping for ...dxc4.} 49. c5 {aiming for c6+.} Kb8 50. Ra4 $2 (50. Qd2 Bf5 51. Qf4+ Qc7 52. Qxc7+ (52. Qxf5 $2 Re2+ 53. Qc2 Rxc2+ $19) 52... Kxc7 53. Ra4) 50... Qe7 $2 (50... Bh7 $19 51. Qf1 Qe8) 51. b6 $2 {[%mdl 8192] [#]} (51. Qd2 $11 Qb7 52. b6) 51... Bg6 $2 ({Stronger than} 51... Qb7 52. g4 $11) (51... Bc2 $1 $19 {[%mdl 512]} 52. Qxc2 Re2) 52. Qa6 (52. Qf3 $1 $15 Re2+ 53. Kc1 Qe3+ 54. Qxe3 Rxe3 55. Ra7) 52... Re2+ ({Inferior is} 52... Qb7 53. Qxb7+ Kxb7 54. Ra7+ Kc8 55. Rc7+ Kb8 56. Rxg7 $11) 53. Ka3 $2 (53. Ka1 $19 Re1+ 54. Kb2 Qe2+ 55. Qxe2 Rxe2+ 56. Kc3 Re3+ 57. Kd2 Rd3+ 58. Ke1) 53... Qe3+ {[%mdl 64] Double Attack.  Weighted Error Value: White=0.41/Black=0.21} 0-1

[Event "TOP 16 - Final A"]
[Site "TOP16-Final-A"]
[Date "2021.01.17"]
[Round "14"]
[White "Burrito2001"]
[Black "Pierre35"]
[Result "0-1"]
[WhiteElo "2133"]
[BlackElo "2140"]
[Annotator "NA RC"]
[PlyCount "36"]
[EventDate "2021.01.17"]
[EventType "blitz"]

1. d4 {[%emt 0:00:02]} Nf6 {[%emt 0:00:05]} 2. c4 {[%emt 0:00:01]} g6 {[%emt 0:00:01]} 3. Nc3 {[%emt 0:00:02]} Bg7 {[%emt 0:00:01]} 4. Nf3 {[%emt 0:00:01]} O-O {[%emt 0:00:01]} 5. Bg5 {[%emt 0:00:01]} c5 {[%emt 0:00:04]} 6. e3 {[%emt 0:00:10]} cxd4 {[%emt 0:00:02]} 7. exd4 {[%emt 0:00:01]} d5 {[%emt 0:00:05]} 8. Bxf6 {[%emt 0:00:21]} Bxf6 {[%emt 0:00:02]} 9. Nxd5 {[%emt 0:00:04]} Bg7 {[%emt 0:00:02]} 10. Be2 {[%emt 0:00:06]} Nc6 {[%emt 0:00:01]} 11. O-O {[%emt 0:00:11]} Bg4 {[%emt 0:00:55]} 12. Ne3 {[%emt 0:00:34]} Bxf3 {[%emt 0:00:05]} 13. Bxf3 {[%emt 0:00:00]} Nxd4 {[%emt 0:00:08]} 14. Bxb7 {[%emt 0:00:04]} Rb8 {[%emt 0:00:01]} 15. Be4 {[%emt 0:00:08]} Rxb2 {[%emt 0:00:01]} 16. Qa4 {[%emt 0:00:37]} Ne2+ {[%emt 0:00:13]} 17. Kh1 {[%emt 0:00:08]} Nc3 {[%emt 0:00:01]} 18. Qc6 {[%emt 0:00:01]} Rb6 {[%emt 0:00:02] Burrito2001 abandonne (Lag: Av=0.67s, max=0.9s)} 0-1

[Event "TOP 16 - Final A"]
[Site "TOP16-Final-A"]
[Date "2021.01.17"]
[Round "14"]
[White "SebyFischer57"]
[Black "Yvesandre2"]
[Result "0-1"]
[WhiteElo "2022"]
[BlackElo "2238"]
[Annotator "NA RC"]
[PlyCount "86"]
[EventDate "2021.01.17"]
[EventType "blitz"]

1. Nf3 {[%emt 0:00:01]} Nf6 {[%emt 0:00:08]} 2. b3 {[%emt 0:00:16]} g6 {[%emt 0:00:08]} 3. Bb2 {[%emt 0:00:02]} Bg7 {[%emt 0:00:01]} 4. g3 {[%emt 0:00:01]} d6 {[%emt 0:00:03]} 5. Bg2 {[%emt 0:00:04]} O-O {[%emt 0:00:05]} 6. c4 {[%emt 0:00:04]} e5 {[%emt 0:00:03]} 7. O-O {[%emt 0:00:01]} Re8 {[%emt 0:00:03]} 8. d3 {[%emt 0:00:09]} Nc6 {[%emt 0:00:18]} 9. Nc3 {[%emt 0:00:02]} Bf5 {[%emt 0:00:07]} 10. Rc1 {[%emt 0:00:12]} Qd7 {[%emt 0:00:39]} 11. Qd2 {[%emt 0:00:39]} Bh3 {[%emt 0:00:05]} 12. Nd5 {[%emt 0:00:09]} Bxg2 {[%emt 0:00:04]} 13. Kxg2 {[%emt 0:00:01]} Nxd5 {[%emt 0:00:36]} 14. cxd5 {[%emt 0:00:01]} Ne7 {[%emt 0:00:00]} 15. e4 {[%emt 0:00:04]} c6 {[%emt 0:00:01]} 16. dxc6 {[%emt 0:00:04]} Nxc6 {[%emt 0:00:02]} 17. Qe2 {[%emt 0:01:43]} d5 {[%emt 0:00:19]} 18. Rc5 {[%emt 0:00:15]} d4 {[%emt 0:00:22]} 19. Ba3 {[%emt 0:01:03]} f6 {[%emt 0:01:01]} 20. Rd5 {[%emt 0:01:18]} Qf7 {[%emt 0:00:05]} 21. Rc1 {[%emt 0:00:04]} Rad8 {[%emt 0:00:29]} 22. Rxd8 {[%emt 0:00:05]} Rxd8 {[%emt 0:00:00]} 23. Rc4 {[%emt 0:00:14]} Qe6 {[%emt 0:01:00]} 24. Qc2 {[%emt 0:00:23]} Rc8 {[%emt 0:00:03]} 25. Bc1 {[%emt 0:00:08]} b5 {[%emt 0:01:07]} 26. Rc5 {[%emt 0:00:06]} a6 {[%emt 0:00:03]} 27. Qd1 {[%emt 0:00:30]} Bf8 {[%emt 0:00:03]} 28. Rc2 {[%emt 0:00:01]} Nb4 {[%emt 0:00:02]} 29. Rxc8 {[%emt 0:00:04]} Qxc8 {[%emt 0:00:00]} 30. Ne1 {[%emt 0:00:38]} Nxa2 {[%emt 0:00:10]} 31. Bd2 {[%emt 0:00:01]} Bb4 {[%emt 0:00:41]} 32. Bxb4 {[%emt 0:00:07]} Nxb4 {[%emt 0:00:00]} 33. Qd2 {[%emt 0:00:01]} Qc3 {[%emt 0:00:03]} 34. Qd1 {[%emt 0:00:03]} a5 {[%emt 0:00:07]} 35. h4 {[%emt 0:00:01]} Kg7 {[%emt 0:00:07]} 36. Kf1 {[%emt 0:00:02]} Na2 {[%emt 0:00:29]} 37. h5 {[%emt 0:00:10]} Nc1 {[%emt 0:00:04]} 38. hxg6 {[%emt 0:00:03]} hxg6 {[%emt 0:00:01]} 39. Qg4 {[%emt 0:00:02]} Qc6 {[%emt 0:00:01]} 40. Qd1 {[%emt 0:00:03]} a4 {[%emt 0:00:02]} 41. bxa4 {[%emt 0:00:01]} bxa4 {[%emt 0:00:00]} 42. Nc2 {[%emt 0:00:06]} Nb3 {[%emt 0:00:01]} 43. Na3 {[%emt 0:00:04]} Qc1 {[%emt 0:00:06] TimeW} 0-1

[Event "TOP 16 - Final A"]
[Site "TOP16-Final-A"]
[Date "2021.01.17"]
[Round "14"]
[White "Tander"]
[Black "sFeller"]
[Result "1-0"]
[WhiteElo "2014"]
[BlackElo "2246"]
[Annotator "TA"]
[PlyCount "63"]
[EventDate "2021.01.17"]
[EventType "blitz"]

{[%evp 19,63,-16,5,0,14,0,3,0,0,-14,0,-10,0,-8,0,0,0,0,0,0,0,-52,-26,-206,-201,-241,-231,-236,-205,-256,-267,-245,-246,-238,-236,-246,-236,-269,-240,-270,-130,-124,17,19,29994,29995]} 1. e4 c5 2. Nf3 e6 3. d4 cxd4 4. Nxd4 Nc6 5. Nc3 Qc7 6. Be3 a6 7. Be2 Nf6 8. a3 b5 9. O-O Bb7 10. f4 d6 11. Bf3 {B49: Sicilian: Taimanov: 5 Nc3 Qc7 6 Be3 a6 7 Be2.} (11. Nb3 {is interesting.} Be7 12. Bd3 Rc8 13. Qf3 O-O 14. Qg3) 11... Nxd4 12. Bxd4 e5 13. Be3 {The position is equal.} Be7 14. Qe1 O-O 15. Qg3 Kh8 16. Kh1 {[#]} Nd7 $146 ({Predecessor:} 16... Rac8 17. Rae1 Qb8 18. Qh3 a5 19. Rf2 b4 20. axb4 axb4 21. Nd5 Nxd5 22. exd5 f5 {½-½ (49) Karjakin,S (2460)-Kovchan,A (2507) Kramatorsk 2002}) 17. Rad1 exf4 18. Bxf4 Ne5 19. Be2 Rad8 20. Rfe1 (20. Be3 $11) 20... Ng6 (20... f5 {feels hotter.} 21. exf5 Rxf5 22. Rg1 Rdf8 23. Bxe5 Rxe5 24. Rgf1 Ref5) 21. Be3 $2 (21. Rf1 $11 {and White is okay.}) 21... Bh4 $19 {[%mdl 64] [#] Skewer} 22. Qg4 Bxe1 23. Rxe1 Rfe8 24. Bf3 Ne5 25. Qg3 f5 26. Bd4 fxe4 27. Bxe4 Bxe4 28. Nxe4 Nc6 29. Bc3 {intending Ng5.} Re7 (29... Qf7 $19 30. Ng5 Rxe1+ 31. Qxe1 Qg6) 30. Ng5 $17 {[#] Rxe7 is the strong threat.} Rxe1+ ({Black should play} 30... Rf8 $1 $17 {Threatens to win with ...Rxe1+.} 31. Rd1 Qc8) 31. Qxe1 $11 {White wants to mate with Qe4.} Qd7 $2 {[%mdl 8192]} (31... h6 $11 32. Ne6 Qe7) 32. Qe4 {[%csl Gg5][%cal Re4h7] Weighted Error Value: White=0.33/Black=0.62} 1-0

[Event "TOP 16 - Final A"]
[Site "TOP16-Final-A"]
[Date "2021.01.17"]
[Round "14"]
[White "Amiralfio"]
[Black "Christian Bauer"]
[Result "0-1"]
[WhiteElo "1912"]
[BlackElo "2477"]
[Annotator "TA"]
[PlyCount "68"]
[EventDate "2021.01.17"]
[EventType "blitz"]

{[%evp 9,68,6,16,-10,-8,-8,0,-9,0,-19,0,-14,40,-7,0,0,0,-10,0,0,0,-7,0,0,-7,-8,-20,-78,-62,-66,-70,-165,-120,-126,-139,-312,-259,-324,-346,-320,-129,-151,-131,-140,-139,-275,-250,-364,-232,-470,-448,-464,-457,-544,-563,-29988,-29989,-29989,-29990,-29990,-1542]} 1. d4 Nf6 2. Bf4 d6 3. Nc3 Nbd7 4. Nf3 c5 5. e3 g6 6. Qd2 {A45: Trompowsky Attack.} a6 7. a4 Bg7 8. Be2 {The position is equal.} b6 9. O-O O-O 10. h3 Bb7 {[#]} (10... d5 $11) 11. Rab1 $146 ({Predecessor:} 11. d5 Ne8 12. e4 Ne5 13. Bh6 Nxf3+ 14. Bxf3 e5 15. dxe6 fxe6 16. Rad1 Bxh6 17. Qxh6 {½-½ (49) Arndt,M (2312)-Kalinitschew,S (2437) Germany 2019}) 11... cxd4 12. exd4 Re8 13. Rfe1 Rc8 14. Bh6 Bh8 15. Ng5 e6 16. Qf4 Qe7 17. Rbd1 d5 18. Bd3 (18. g3 $11) 18... Qb4 $1 $17 19. Ne2 Qxb2 20. g4 (20. Qd6 $15 Rc6 21. Qf4) 20... Qa3 21. Ng3 Qxa4 22. Qf3 $2 {Now White is beyond hope.} (22. Nf3 $17) 22... Qb4 23. Nxf7 Kxf7 24. g5 {[#]} Qe7 25. gxf6 Qxf6 26. Qg4 Kg8 27. Re3 (27. Nh5 $17 {was called for.} Qf7 28. Re3) 27... Qxd4 $19 28. Qe2 (28. Bf4 $142 Qf6 29. Rde1) 28... Qh4 29. Rxe6 $2 (29. Nf5 {is the only way for White.} Qb4 30. Rxe6) 29... Ne5 30. Rxe8+ Rxe8 31. Bc1 Qxh3 32. Re1 {[#]} Nf3+ $1 {[%mdl 576] Deflection. Black mates.} 33. Qxf3 Rxe1+ 34. Bf1 {[#]} Rxf1+ $1 {[%mdl 64] Pin.  Weighted Error Value: White=0.58/Black=0.19} 0-1

[Event "TOP 16 - Final A"]
[Site "TOP16-Final-A"]
[Date "2021.01.17"]
[Round "15"]
[White "Tigran1984"]
[Black "Bagheri amir"]
[Result "1/2-1/2"]
[WhiteElo "2693"]
[BlackElo "2143"]
[Annotator "NA RC"]
[PlyCount "101"]
[EventDate "2021.01.17"]
[EventType "blitz"]
[BlackTeam "monaco"]

{- Bagheri, Amir} 1. e4 {[%emt 0:00:01]} c6 {[%emt 0:00:02]} 2. Nf3 {[%emt 0:00:00]} d5 {[%emt 0:00:01]} 3. d3 {[%emt 0:00:01]} dxe4 {[%emt 0:00:04]} 4. dxe4 {[%emt 0:00:01]} Qxd1+ {[%emt 0:00:00]} 5. Kxd1 {[%emt 0:00:01]} Bg4 {[%emt 0:00:03]} 6. Be2 {[%emt 0:00:01]} Nd7 {[%emt 0:00:01]} 7. Ne1 {[%emt 0:00:03]} Bxe2+ {[%emt 0:00:03]} 8. Kxe2 {[%emt 0:00:01]} e5 {[%emt 0:00:07]} 9. f3 {[%emt 0:00:04]} f6 {[%emt 0:00:08]} 10. a4 {[%emt 0:00:02]} a5 {[%emt 0:00:05]} 11. Nd2 {[%emt 0:00:01]} Nb6 {[%emt 0:00:22]} 12. Nd3 {[%emt 0:00:02]} Nh6 {[%emt 0:00:33]} 13. Nb3 {[%emt 0:00:26]} Nc4 {[%emt 0:00:27]} 14. Bxh6 {[%emt 0:00:07]} gxh6 {[%emt 0:00:02]} 15. Nd2 {[%emt 0:00:12]} Nb6 {[%emt 0:00:07]} 16. Nf1 {[%emt 0:00:08]} Rg8 {[%emt 0:00:03]} 17. Ne3 {[%emt 0:00:06]} h5 {[%emt 0:00:02]} 18. g3 {[%emt 0:00:04]} Rd8 {[%emt 0:00:12]} 19. b3 {[%emt 0:00:08]} Rg7 {[%emt 0:00:12]} 20. Rad1 {[%emt 0:00:07]} Rgd7 {[%emt 0:00:02]} 21. Nf5 {[%emt 0:00:15]} Na8 {[%emt 0:00:08]} 22. f4 {[%emt 0:00:56]} exf4 {[%emt 0:00:04]} 23. Nxf4 {[%emt 0:00:00]} Rxd1 {[%emt 0:00:03]} 24. Rxd1 {[%emt 0:00:00]} Rxd1 {[%emt 0:00:01]} 25. Kxd1 {[%emt 0:00:00]} b5 {[%emt 0:00:01]} 26. Nxh5 {[%emt 0:00:19]} Kf7 {[%emt 0:00:29]} 27. axb5 {[%emt 0:00:02]} cxb5 {[%emt 0:00:02]} 28. Nf4 {[%emt 0:00:00]} a4 {[%emt 0:00:02]} 29. bxa4 {[%emt 0:00:01]} bxa4 {[%emt 0:00:01]} 30. Nd5 {[%emt 0:00:23]} Bc5 {[%emt 0:00:03]} 31. Nfe3 {[%emt 0:00:24]} Bxe3 {[%emt 0:00:19]} 32. Nxe3 {[%emt 0:00:00]} Nb6 {[%emt 0:00:04]} 33. Nd5 {[%emt 0:00:20]} Nc4 {[%emt 0:00:07]} 34. Ke2 {[%emt 0:00:14]} Ke6 {[%emt 0:00:27]} 35. Kd3 {[%emt 0:00:02]} Ne5+ {[%emt 0:00:02]} 36. Kc3 {[%emt 0:00:02]} Ng4 {[%emt 0:00:03]} 37. h4 {[%emt 0:00:20]} Ke5 {[%emt 0:00:02]} 38. Kb4 {[%emt 0:00:16]} f5 {[%emt 0:00:14]} 39. Kxa4 {[%emt 0:00:29]} fxe4 {[%emt 0:00:01]} 40. Nf4 {[%emt 0:00:02]} e3 {[%emt 0:00:10]} 41. c4 {[%emt 0:00:05]} Ke4 {[%emt 0:00:13]} 42. c5 {[%emt 0:00:14]} Ne5 {[%emt 0:00:06]} 43. Kb5 {[%emt 0:00:06]} Kf3 {[%emt 0:00:08]} 44. c6 {[%emt 0:00:02]} Nxc6 {[%emt 0:00:10]} 45. Kxc6 {[%emt 0:00:00]} Kxg3 {[%emt 0:00:02]} 46. Ne2+ {[%emt 0:00:04]} Kxh4 {[%emt 0:00:12]} 47. Kd5 {[%emt 0:00:01]} Kg4 {[%emt 0:00:07]} 48. Ke4 {[%emt 0:00:01]} h5 {[%emt 0:00:01]} 49. Kxe3 {[%emt 0:00:00]} h4 {[%emt 0:00:02]} 50. Nf4 {[%emt 0:00:01]} h3 {[%emt 0:00:02]} 51. Nxh3 {[%emt 0:00:01] (Lag: Av=0.44s, max=0.9s) No Material} 1/2-1/2

[Event "TOP 16 - Final A"]
[Site "TOP16-Final-A"]
[Date "2021.01.17"]
[Round "15"]
[White "Christian Bauer"]
[Black "Pastouche06"]
[Result "1/2-1/2"]
[WhiteElo "2478"]
[BlackElo "2202"]
[Annotator "NA RC"]
[PlyCount "89"]
[EventDate "2021.01.17"]
[EventType "blitz"]

1. e4 {[%emt 0:00:01]} c6 {[%emt 0:00:02]} 2. d3 {[%emt 0:00:01]} d5 {[%emt 0:00:02]} 3. Nd2 {[%emt 0:00:01]} e5 {[%emt 0:00:03]} 4. Ngf3 {[%emt 0:00:02]} Bd6 {[%emt 0:00:02]} 5. g3 {[%emt 0:00:02]} Nf6 {[%emt 0:00:03]} 6. Bg2 {[%emt 0:00:02]} O-O {[%emt 0:00:01]} 7. O-O {[%emt 0:00:01]} Re8 {[%emt 0:00:05]} 8. Re1 {[%emt 0:00:04]} Nbd7 {[%emt 0:00:35]} 9. Nh4 {[%emt 0:00:15]} g6 {[%emt 0:00:24]} 10. Nb3 {[%emt 0:00:40]} Bf8 {[%emt 0:00:41]} 11. exd5 {[%emt 0:00:29]} cxd5 {[%emt 0:00:07]} 12. c4 {[%emt 0:00:05]} dxc4 {[%emt 0:00:49]} 13. dxc4 {[%emt 0:00:00]} Qc7 {[%emt 0:00:12]} 14. Qc2 {[%emt 0:00:43]} Nc5 {[%emt 0:00:24]} 15. Bg5 {[%emt 0:00:05]} Bg7 {[%emt 0:00:55]} 16. Nxc5 {[%emt 0:00:23]} Qxc5 {[%emt 0:00:02]} 17. Rad1 {[%emt 0:00:19]} Bg4 {[%emt 0:00:33]} 18. Rd2 {[%emt 0:00:35]} Rab8 {[%emt 0:00:28]} 19. h3 {[%emt 0:00:22]} Be6 {[%emt 0:00:25]} 20. b3 {[%emt 0:00:01]} Qc7 {[%emt 0:00:21]} 21. Red1 {[%emt 0:00:10]} b6 {[%emt 0:00:11]} 22. Be3 {[%emt 0:01:09]} Red8 {[%emt 0:00:13]} 23. Nf3 {[%emt 0:00:01]} Bf5 {[%emt 0:00:19]} 24. Qc1 {[%emt 0:00:21]} Ne4 {[%emt 0:00:36]} 25. Rxd8+ {[%emt 0:00:11]} Rxd8 {[%emt 0:00:00]} 26. Nh4 {[%emt 0:00:07]} Rxd1+ {[%emt 0:00:12]} 27. Qxd1 {[%emt 0:00:00]} Nc3 {[%emt 0:00:24]} 28. Qd2 {[%emt 0:00:09]} e4 {[%emt 0:00:05]} 29. Nxf5 {[%emt 0:00:08]} gxf5 {[%emt 0:00:00]} 30. Bf1 {[%emt 0:00:29]} Bf6 {[%emt 0:00:05]} 31. Bg5 {[%emt 0:00:16]} Qe7 {[%emt 0:00:07]} 32. Bh6 {[%emt 0:00:12]} Qd8 {[%emt 0:00:03]} 33. Qf4 {[%emt 0:00:05]} Bg7 {[%emt 0:00:05]} 34. Bxg7 {[%emt 0:00:05]} Kxg7 {[%emt 0:00:00]} 35. Qxf5 {[%emt 0:00:05]} Qd4 {[%emt 0:00:00]} 36. a4 {[%emt 0:00:07]} Nd1 {[%emt 0:00:05]} 37. Be2 {[%emt 0:00:13]} e3 {[%emt 0:00:05]} 38. f4 {[%emt 0:00:40]} Qd2 {[%emt 0:00:05]} 39. Qg4+ {[%emt 0:00:13]} Kf8 {[%emt 0:00:03]} 40. Qf3 {[%emt 0:00:01]} Nc3 {[%emt 0:00:03]} 41. Kf1 {[%emt 0:00:02]} Qc1+ {[%emt 0:00:01]} 42. Kg2 {[%emt 0:00:01]} Qd2 {[%emt 0:00:02]} 43. Kf1 {[%emt 0:00:01]} Qc1+ {[%emt 0:00:01]} 44. Kg2 {[%emt 0:00:01]} Qd2 {[%emt 0:00:09]} 45. Kf1 {[%emt 0:00:01] (Lag: Av=1.19s, max=1.6s)} 1/2-1/2